00734 2200217 4500001002100000005001700021008004100038020001800079035002400097040001200121082001400133084002400147100002500171245012500196250001100321260009400332300002200426650003500448850001200483990002100495YOGYA-0611000000004120170419145220.0 ind  a979-9160-51-0 0010-061100000000041 aYOPDYOG a305.48072 aDEP 305.48072 Rus T aRUSMIYATI, Chatarina aTingkat kepedulian wanita tuna susila (WTS) terhadap penderita AIDS di Daerah Istimewa Yogyakartac/ Chatarina Rusmiyati aCet. 1 aYogyakartabBalai Besar Penelitian dan Penggembangan Pelayanan Kesejahteraan Sosialc1999 a41 hlm.c; 21 cm. aWanita Tuna SusilaxPenelitian aYOPDYOG aCB-D.11/1999-451